Study the collection of important ntfps of local people in vealveng district pursat province, សិក្សាពីការប្រមូលអនុផលព្រៃឈើសំខាន់!របស់ប្រជាជន នៅស្រុកវាលវែង ខេត្តពោធិ៏សាសត់ (Record no. 3359)

000 -LEADER
fixed length control field 00680nam a22001577a 4500
003 - CONTROL NUMBER IDENTIFIER
control field OSt
005 - DATE AND TIME OF LATEST TRANSACTION
control field 20151112143048.0
008 - FIXED-LENGTH DATA ELEMENTS--GENERAL INFORMATION
fixed length control field 151112b xxu||||| |||| 00| 0 eng d
040 ## - CATALOGING SOURCE
Transcribing agency RUA
082 ## - DEWEY DECIMAL CLASSIFICATION NUMBER
Classification number FOR SAR 2005 B132 Or.1
100 ## - MAIN ENTRY--PERSONAL NAME
9 (RLIN) 3608
Personal name SAR, SOPHYRA.
245 ## - TITLE STATEMENT
Title Study the collection of important ntfps of local people in vealveng district pursat province, សិក្សាពីការប្រមូលអនុផលព្រៃឈើសំខាន់!របស់ប្រជាជន នៅស្រុកវាលវែង ខេត្តពោធិ៏សាសត់
260 ## - PUBLICATION, DISTRIBUTION, ETC. (IMPRINT)
Place of publication, distribution, etc. Phnom Penh
Name of publisher, distributor, etc. RUA
Date of publication, distribution, etc. 2005
300 ## - PHYSICAL DESCRIPTION
Extent xi; 61p.
Other physical details ill.
Dimensions 29cm.
942 ## - ADDED ENTRY ELEMENTS (KOHA)
Source of classification or shelving scheme
Koha item type FOR
Holdings
Price effective from Date last seen Permanent Location Not for loan Date acquired Source of classification or shelving scheme Koha item type Barcode Lost status Damaged status Shelving location Withdrawn status Current Location Full call number
2015-11-122015-11-12Library Block B 2015-11-12 FORRUA028519  B132 Library Block BFOR SAR 2005 B132 Or.1
2015-11-122015-11-12Library Block B 2015-11-12 FORRUA028318  B132 Library Block BFOR SAR 2005 B132 Or.2
2015-11-122015-11-12Library Block B 2015-11-12 FORRUA028591  B132 Library Block BFOR SAR 2005 B132 Or.3
មជ្ឈមណ្ឌលឯការនៃសាកលវិទ្យាល័យភូមិន្ទកសិកម្មចំការដូង

Powered by Koha